| 000 | 00359nam a22001337a 4500 | ||
|---|---|---|---|
| 082 |
_a347.549103 _bSID |
||
| 100 | _aSiddiqui, M. A. | ||
| 245 |
_aHigh Court Rules And Orders (Vol : I-V) / _cM. A. Siddiqui |
||
| 260 |
_aLahore: _bImran Law Book House, _c2024. |
||
| 300 | _axxvi, 1363p. ; | ||
| 563 | _aHB | ||
| 650 |
_aLaw _935302 |
||
| 942 |
_2ddc _cBK |
||
| 999 |
_c613193 _d613193 |
||